000 00613nam a2200241Ia 4500
005 20260430150025.0
008 008 250103s9999 xx 000 0 eng d
037 _aTheses
040 _aCRL
040 _beng
040 _ceng
041 _2eng
041 _aeng
084 _qCRL
100 _aParveen Seerat Au.; Sultana Nasra Gu.
_91236226
245 0 _aHaneef Naqvi ki tazkirati tehqeeq ka tanqeedi jaiza
260 _c2021
300 _a241p.
650 _aUrdu Literature
700 _aUniversity of Delhi. Faculty of Arts. Department of Urdu
942 _cTH
999 _c1848755
_d1848755